Staticko dynamická analýzy bytového domu
Uložené v:
| Hlavný autor: | |
|---|---|
| Ďalší autori: | |
| Médium: | Rukopis Kniha |
| Jazyk: | Slovak |
| Vydavateľské údaje: |
2021
|
| Predmet: | |
| On-line prístup: | http://is.stuba.sk/zp/portal_zp.pl?podrobnosti=166057 https://opac.crzp.sk/?fn=detailBiblioForm&sid=7E417B54B864B7C45225F74635AB |
| Tagy: |
Žiadne tagy, Buďte prvý, kto otaguje tento záznam!
|
MARC
| LEADER | 00000ntm a22000003a 4500 | ||
|---|---|---|---|
| 001 | stuzp85968 | ||
| 003 | SK-STU | ||
| 005 | 20230515074012.7 | ||
| 007 | ta | ||
| 008 | 150427s2015----xo-----f-mn---000-0-slo-d | ||
| 040 | |a STU |b slo | ||
| 041 | 0 | |a slo | |
| 100 | 1 | |a Kašnik Pacáková, Martina |u 010110 |4 aut |U SvF Stavebná fakulta |T SvF Katedra betónových konštrukcií a mostov |X 63109 |U V110 |Y 11 |7 63109 | |
| 242 | 0 | 1 | |a Static and dynamic analysis of the apartment building |y eng |
| 245 | 1 | 0 | |a Staticko dynamická analýzy bytového domu |
| 260 | |c 2021 | ||
| 650 | 4 | |a materiálové charakteristiky |2 slo | |
| 650 | 4 | |a seizmické zaťaženie |2 slo | |
| 650 | 4 | |a posúdenie |2 slo | |
| 650 | 4 | |a nosné prvky |2 slo | |
| 650 | 4 | |a bytový dom |2 slo | |
| 650 | 4 | |a apartment building |2 eng | |
| 650 | 4 | |a assessment |2 eng | |
| 650 | 4 | |a load-bearing structure |2 eng | |
| 650 | 4 | |a material characteristics |2 eng | |
| 650 | 4 | |a seismic loads |2 eng | |
| 700 | 1 | |a Šoltész, Július |u 010110 |k Z1 |4 ths |U SvF Stavebná fakulta |T SvF Katedra betónových konštrukcií a mostov |X 638 |U V110 |Y 11 |7 A000000638 | |
| 856 | 4 | |u http://is.stuba.sk/zp/portal_zp.pl?podrobnosti=166057 | |
| 856 | 4 | |u https://opac.crzp.sk/?fn=detailBiblioForm&sid=7E417B54B864B7C45225F74635AB | |